000 00779nam a2200241 i 4500
001 184146
003 ES-MaACL
005 20230906222053.0
008 150325s1970 sp |||| |dspa d
080 _a821.134.2(861)-31"18"
100 1 _aIsaacs, Jorge.
_965515
245 1 0 _aMaría /
_cJorge Isaacs ; edición, prólogo y notas de Donald McGrady.
260 _aBarcelona :
_bLabor,
_c1970.
300 _a396 p. ;
_c17 cm.
490 1 _aTextos hispánicos modernos ;
_v10
504 _aBibliografía: p. 41-44.
597 _aEn contracub.: retr. del autor.
598 _aColección dir. por Francisco Rico.
700 1 _aMcGrady, Donald.
_9150049
830 0 _aTextos hispánicos modernos ;
_v10
_9181506
852 _aES-MaACL
_jE-15518
999 _c184146
_d184146